00465nam a2200145Ia 4500003000900000008004100009020002600050020002700076040001600103100002300119245005900142260003200201300002000233856006600253IN-BaIIA211028s9999 xx s 000 0 eng d a9781628412895 (Print) a9781628412901 (Online) cIIA Library aKinch Michael A.,  0aState-of-the-Art Infrared Detector Technologyh[eBook] aWashington, USAbSPIEc2014 aOnline resource uhttps://doi.org/10.1117/3.1002766yClick Here to Access eBook